LEADER 02052oam 2200541 450 001 9910707908303321 005 20170307134105.0 035 $a(CKB)5470000002469490 035 $a(OCoLC)889715953 035 $a(EXLCZ)995470000002469490 100 $a20140901d1992 ua 0 101 0 $aeng 135 $aurn|||||||||| 181 $ctxt$2rdacontent 182 $cc$2rdamedia 183 $acr$2rdacarrier 200 10$aGeological investigations of the Wamsutter Rim Canneloid coal bed in the Eocene Niland Tongue of the Wasatch Formation, northern Washakie Basin, southwest Wyoming /$fby Henry W. Roehler and Ronald W. Stanton 210 1$a[Washington, D.C.] :$cUnited States Government Printing Office,$d1992. 215 $a1 online resource (iv, 16 pages) $cillustrations 225 1 $aU.S. Geological Survey bulletin ;$v2018 300 $aTitle from title screen (viewed August 25, 2014). 320 $aIncludes bibliographical references (page 14). 517 3 $aWamsutter Rim Canneloid coal bed in the Eocene Niland Tongue of the Wasatch Formation 606 $aCoal$xGeology$zWyoming 606 $aGeology, Stratigraphic$yEocene 606 $aCoal$xGeology$2fast 606 $aEocene Geologic Epoch$2fast 606 $aGeology, Stratigraphic$2fast 607 $aWasatch Formation 607 $aUnited States$zWasatch Formation$2fast 607 $aWyoming$2fast 615 0$aCoal$xGeology 615 0$aGeology, Stratigraphic 615 7$aCoal$xGeology. 615 7$aEocene Geologic Epoch. 615 7$aGeology, Stratigraphic. 700 $aRoehler$b Henry W.$01392979 702 $aStanton$b Ronald W. 712 02$aGeological Survey (U.S.), 801 0$bCOP 801 1$bCOP 801 2$bOCLCO 801 2$bOCLCF 801 2$bGPO 906 $aBOOK 912 $a9910707908303321 996 $aGeological investigations of the Wamsutter Rim Canneloid coal bed in the Eocene Niland Tongue of the Wasatch Formation, northern Washakie Basin, southwest Wyoming$93514246 997 $aUNINA LEADER 04607nam 22007812 450 001 9910784700003321 005 20151005020621.0 010 $a1-107-14520-1 010 $a1-280-47771-7 010 $a9786610477715 010 $a0-511-19510-9 010 $a0-511-19576-1 010 $a0-511-19367-X 010 $a0-511-31414-0 010 $a0-511-54363-8 010 $a0-511-19441-2 035 $a(CKB)1000000000353658 035 $a(EBL)259870 035 $a(OCoLC)171138727 035 $a(SSID)ssj0000197809 035 $a(PQKBManifestationID)11185717 035 $a(PQKBTitleCode)TC0000197809 035 $a(PQKBWorkID)10169727 035 $a(PQKB)11318696 035 $a(UkCbUP)CR9780511543630 035 $a(MiAaPQ)EBC259870 035 $a(Au-PeEL)EBL259870 035 $a(CaPaEBR)ebr10130358 035 $a(CaONFJC)MIL47771 035 $a(OCoLC)935232830 035 $a(PPN)261308823 035 $a(EXLCZ)991000000000353658 100 $a20090505d2004|||| uy| 0 101 0 $aeng 135 $aur||||||||||| 181 $ctxt$2rdacontent 182 $cc$2rdamedia 183 $acr$2rdacarrier 200 00$aMarijuana and madness $epsychiatry and neurobiology /$fedited by David Castle, Robin Murray$b[electronic resource] 205 $a2nd ed. 210 1$aCambridge :$cCambridge University Press,$d2004. 215 $a1 online resource (xvi, 218 pages) $cdigital, PDF file(s) 300 $aTitle from publisher's bibliographic system (viewed on 05 Oct 2015). 311 $a0-521-52546-2 311 $a0-521-81940-7 320 $aIncludes bibliographical references and index. 327 $tThe cannabinoid system: from the point of view of a chemist /$rRaphael Mechoulam,$rL. Hanus ?--$tHow cannabis works in the brain /$rLeslie Iversen --$tAcute and subacute psychomimetic effects of cannabis in humans /$rDavid Castle,$rNadia Solowij --$tThe association between cannabis use and depression : a review of the evidence /$rLouisa Degenhardt ...$g[and others] --$tCannabis and psychosis proneness /$rHel?ene ?Verdoux --$tIs there a specific 'cannabis psychosis'? /$rWayne Hall,$rLouisa Degenhardt --$tCannabis as a potential causal factor in schizophrenia /$rLouise Arseneault ...$g[and others] --$tCannabis abuse and the course of schizophrenia /$rD.H. Linszen,$rLieuwe de Haan,$rBart Peters --$tThe endogenous cannabinoid system in schizophrenia /$rSuresh Sundram,$rBrian Dean,$rDavid Copolov --$tCannabinoid 'model' psychosis, dopamine-cannabinoid interactions and implications for schizophrenia /$rCyril D'Souza ...$g[et al.] --$tMotives that maintain cannabis use among individuals with psychotic disorders /$rCatherine Spencer --$tAddressing cannabis abuse in people with psychosis /$rWynne James --$tResidual cognitive effects of long-term cannabis use /$rHarrison Pope, Jr.,$rDeborah Yurgelun-Todd. 330 $aThis book provides a comprehensive overview of the psychiatry and neuroscience of Cannabis sativa (marijuana), with particular emphasis on psychotic disorders. It outlines developments in our understanding of the human cannabinoid system, and links this knowledge to clinical and epidemiological facts about the impact of cannabis on mental health. Clinically focused chapters review not only the direct psychomimetic properties of cannabis, but also the impact consumption has on the courses of evolving or established mental illness such as schizophrenia. A number of controversial issues are critically explored, including whether a discrete 'cannabis psychosis' exists, and whether cannabis can actually cause schizophrenia. Effects of cannabis on mood, notably depression, are reviewed, as are its effects on cognition. This book will be of interest to all members of the mental health team, as well as to neuroscientists and those involved in drug and alcohol research. 517 3 $aMarijuana & Madness 606 $aMarijuana$xPhysiological effect 606 $aMarijuana$xPsychological aspects 606 $aMarijuana abuse$xComplications 606 $aPsychoses$xEtiology 606 $aSchizophrenia$xEtiology 615 0$aMarijuana$xPhysiological effect. 615 0$aMarijuana$xPsychological aspects. 615 0$aMarijuana abuse$xComplications. 615 0$aPsychoses$xEtiology. 615 0$aSchizophrenia$xEtiology. 676 $a615/.7827 702 $aCastle$b David J. 702 $aMurray$b Robin M.$f1944- 801 0$bUkCbUP 801 1$bUkCbUP 906 $aBOOK 912 $a9910784700003321 996 $aMarijuana and madness$93714871 997 $aUNINA